000 00924nam a2200241 i 4500
001 153667
003 ES-MaACL
005 20230906205330.0
008 040901s1834 fr |||| | fre d
040 _aCAM
_bspa
_cCAM
245 0 0 _aEntretiens sur la langue française /
_cpar L.M.C.***.
260 _aParis ;
_aStrasbourg :
_bchez F.G. Levrault,
_c1834.
300 _aVII, 106 p. ;
_c14 cm.
490 1 _aMaitre Pierre ou Le savant de village
490 1 _aBibliothèque de l'instruction populaire ;
_v10
598 _aSegunda serie tomada de BN Opale-Plus.
650 4 _aLengua francesa.
_9140408
740 0 _aMaitre Pierre ou Le savant de village.
830 0 _aMaitre Pierre ou Le savant de village
_9187710
830 0 _aBibliothèque de l'instruction populaire ;
_v10
_9187711
852 _aES-MaACL
_jD-5206(1)
_z-- Enc. hol.
_x-- Edic.: en el lomo consta : Instruction populaire
999 _c153667
_d153667